01067 a2200169 45000010006000000050017000060080041000230030015000640400040000790800056001192450100001752640033002753000019003085050518003271000020008457000032008655722720260407155835.0260407a1969 arg spa dAR-UNSa-BCEJYS aAR-UNSa-BCEJYSbspacAR-UNSa-BCEJYS a332.1xEconomía regional. Economía territorial 10aEconomía regionalpestudio de la estructura, estabilidad y desarrollo económico de regiones 1aBarcelona :bOikos-tauc1969 a298 p.c21 cm. aI. Introducción – II. La localización del productor individual - PRIMERA PARTE: La estructura Regional – III. Los sistemas de los ciudades – IV. Estructura de la localización industrial – V. El uso del suelo SEGUNDA PARTE: Medida y cambio de la actividad regional – VI. Medida de actividad económica regional – VII. Teoría interregional del comercio y la renta – VIII. Crecimiento económico regional – IX. El impacto del crecimiento sobre la estructura – X. Política publica. 1 aNourse, Hugh O.1 aCarreras Puigdengolas, J.M.